|
|
|
|
| LEADER |
00839cam a2200217 i 4500 |
| 008 |
750416s1974 enk b 000 0 eng |
| 010 |
|
|
|a 75309902
|
| 015 |
|
|
|a GB74-19564
|
| 020 |
|
|
|a 0048010162:
|c £1.30
|
| 082 |
0 |
0 |
|a 813/.4
|
| 100 |
1 |
|
|a Vann, J. Don
|
| 245 |
1 |
0 |
|a Critics on Henry James :
|b readings in literary criticism /
|c edited by J. Don Vann.
|
| 260 |
|
|
|a London :
|b Allen and Unwin,
|c 1974.
|
| 300 |
|
|
|a 99 p. ;
|c 22 cm.
|
| 490 |
0 |
|
|a Readings in literary criticism ; 18
|
| 504 |
|
|
|a Bibliography: p. [99]
|
| 600 |
1 |
0 |
|a James, Henry,
|d 1843-1916
|x Criticism and interpretation.
|
| 906 |
|
|
|a 7
|b cbc
|c orignew
|d 3
|e ncip
|f 19
|g y-gencatlg
|
| 942 |
|
|
|c BK
|
| 999 |
|
|
|c 196947
|d 196947
|
| 952 |
|
|
|0 0
|1 0
|4 0
|6 813_000000000000000__4_VAN_C
|7 0
|9 217698
|a ENG
|b ENG
|c ST1
|d 2017-03-21
|i 10556
|l 1
|o 813/.4 VAN/C
|p ENG10556
|r 2018-03-27
|s 2018-03-06
|w 2018-08-21
|y BK
|